[Event "Balkan Youth Online-ch 2020"]
[Site "Online"]
[Date "2020.10.31"]
[Round "1.54"]
[White "Bagas, Ana"]
[Black "Aldea, Maria-Antonia"]
[Result "1/2-1/2"]
[WhiteElo "1589"]
[BlackElo "1181"]
[Annotator "NA RC"]
[PlyCount "117"]
[EventDate "2020.10.31"]
[EventType "swiss"]
[SourceTitle "playchess.com"]
[Source "ChessBase"]
[SourceQuality "1"]
[TimeControl "5400+30"]

1. e4 {[%emt 1:05:20]} c5 {[%emt 1:05:25]} 2. Nf3 {[%emt 0:00:26]} e6 {[%emt 0:00:26]} 3. c3 {[%emt 0:00:25]} Nc6 {[%emt 0:00:48]} 4. Bd3 {[%emt 0:00:30]} d6 {[%emt 0:01:43]} 5. Bc2 {[%emt 0:00:28]} g6 {[%emt 0:01:36]} 6. d3 {[%emt 0:01:07]} Bg7 {[%emt 0:00:50]} 7. Bg5 {[%emt 0:01:08]} Nge7 {[%emt 0:00:57]} 8. Nbd2 {[%emt 0:00:33]} O-O {[%emt 0:01:26]} 9. h4 {[%emt 0:00:38]} h5 {[%emt 0:03:52]} 10. Nf1 {[%emt 0:00:58]} d5 {[%emt 0:02:08]} 11. Ng3 {[%emt 0:02:09]} b6 {[%emt 0:02:27]} 12. Qd2 {[%emt 0:00:50]} Bb7 {[%emt 0:00:30]} 13. Bh6 {[%emt 0:01:24]} Rc8 {[%emt 0:03:16]} 14. Bxg7 {[%emt 0:00:37]} Kxg7 {[%emt 0:00:24]} 15. Qg5 {[%emt 0:01:49]} Rh8 {[%emt 0:01:43]} 16. O-O-O {[%emt 0:08:41]} d4 {[%emt 0:04:26]} 17. e5 {[%emt 0:03:04]} Nd5 {[%emt 0:01:15]} 18. c4 {[%emt 0:01:53]} Qxg5+ {[%emt 0:00:57]} 19. Nxg5 {[%emt 0:01:11]} Nde7 {[%emt 0:01:44]} 20. N3e4 {[%emt 0:00:45]} Nf5 {[%emt 0:00:39]} 21. g3 {[%emt 0:01:23]} Nxe5 {[%emt 0:00:51]} 22. f4 {[%emt 0:00:47]} Ng4 {[%emt 0:00:31]} 23. Rhe1 {[%emt 0:01:01]} Nge3 {[%emt 0:00:44]} 24. Rd2 {[%emt 0:00:27]} Rhd8 {[%emt 0:00:34]} 25. Rg1 {[%emt 0:00:32]} a6 {[%emt 0:00:37]} 26. a3 {[%emt 0:00:32]} b5 {[%emt 0:00:24]} 27. cxb5 {[%emt 0:00:28]} axb5 {[%emt 0:00:23]} 28. Bb3 {[%emt 0:01:03]} c4 {[%emt 0:00:36]} 29. dxc4 {[%emt 0:00:33]} Nxc4 {[%emt 0:00:57]} 30. Bxc4 {[%emt 0:01:06]} Rxc4+ {[%emt 0:00:26]} 31. Rc2 {[%emt 0:00:31]} Rxc2+ {[%emt 0:00:23]} 32. Kxc2 {[%emt 0:00:22]} Rc8+ {[%emt 0:00:21]} 33. Kd3 {[%emt 0:00:29]} Bxe4+ {[%emt 0:01:01]} 34. Nxe4 {[%emt 0:00:29]} Rd8 {[%emt 0:00:38]} 35. Nc5 {[%emt 0:00:41]} Rd5 {[%emt 0:00:43]} 36. b4 {[%emt 0:00:26]} Ne3 {[%emt 0:00:38]} 37. Rc1 {[%emt 0:00:36]} Nf5 {[%emt 0:00:37]} 38. Ne4 {[%emt 0:00:35]} Ne3 {[%emt 0:00:56]} 39. Rc5 {[%emt 0:00:35]} Nf5 {[%emt 0:00:32]} 40. Rxd5 {[%emt 0:00:29]} exd5 {[%emt 0:00:23]} 41. Nc5 {[%emt 0:00:29]} Kf6 {[%emt 0:00:35]} 42. a4 {[%emt 0:00:30]} bxa4 {[%emt 0:00:30]} 43. Nxa4 {[%emt 0:00:23]} Ke6 {[%emt 0:00:31]} 44. Nc5+ {[%emt 0:00:34]} Kd6 {[%emt 0:00:24]} 45. Nb3 {[%emt 0:00:25]} Nxg3 {[%emt 0:00:37]} 46. Nxd4 {[%emt 0:00:37]} Ne4 {[%emt 0:00:40]} 47. b5 {[%emt 0:00:37]} Kc5 {[%emt 0:00:27]} 48. Nc6 {[%emt 0:00:43]} Kxb5 {[%emt 0:00:30]} 49. Nd8 {[%emt 0:00:24]} Nd6 {[%emt 0:00:25]} 50. Kd4 {[%emt 0:00:31]} Nf5+ {[%emt 0:00:25]} 51. Kxd5 {[%emt 0:00:28]} Nxh4 {[%emt 0:00:22]} 52. Nxf7 {[%emt 0:00:24]} Nf5 {[%emt 0:00:41]} 53. Ke5 {[%emt 0:00:40]} h4 {[%emt 0:00:38]} 54. Ng5 {[%emt 0:00:22]} Ng3 {[%emt 0:00:38]} 55. Kf6 {[%emt 0:00:32]} Ne2 {[%emt 0:00:24]} 56. Nh3 {[%emt 0:00:31]} Kc5 {[%emt 0:00:50]} 57. Kxg6 {[%emt 0:00:27]} Nxf4+ {[%emt 0:00:41]} 58. Nxf4 {[%emt 0:00:22]} h3 {[%emt 0:00:24]} 59. Nxh3 {[%emt 0:00:22]} 1/2-1/2

[Event "Balkan Youth Online-ch 2020"]
[Site "Online"]
[Date "2020.10.31"]
[Round "1.55"]
[White "Timagina, Sofia"]
[Black "Yurt, Nehir"]
[Result "1/2-1/2"]
[WhiteElo "1127"]
[BlackElo "1230"]
[Annotator "NA RC"]
[PlyCount "127"]
[EventDate "2020.10.31"]
[EventType "swiss"]
[SourceTitle "playchess.com"]
[Source "ChessBase"]
[SourceQuality "1"]
[TimeControl "5400+30"]

1. e4 {[%emt 1:05:20]} e5 {[%emt 1:05:24]} 2. Nf3 {[%emt 0:00:24]} Nc6 {[%emt 0:00:22]} 3. Bc4 {[%emt 0:00:24]} Nf6 {[%emt 0:00:22]} 4. d3 {[%emt 0:00:24]} Be7 {[%emt 0:00:25]} 5. Nc3 {[%emt 0:00:27]} O-O {[%emt 0:00:32]} 6. O-O {[%emt 0:00:31]} d6 {[%emt 0:00:22]} 7. h3 {[%emt 0:00:26]} Be6 {[%emt 0:00:40]} 8. Nd5 {[%emt 0:02:22]} Bxd5 {[%emt 0:01:33]} 9. Bxd5 {[%emt 0:01:20]} Nxd5 {[%emt 0:00:36]} 10. exd5 {[%emt 0:00:24]} Nb8 {[%emt 0:01:03]} 11. Be3 {[%emt 0:01:05]} c6 {[%emt 0:00:38]} 12. c4 {[%emt 0:08:26]} cxd5 {[%emt 0:00:47]} 13. cxd5 {[%emt 0:00:26]} Nd7 {[%emt 0:00:35]} 14. Rc1 {[%emt 0:03:15]} Rc8 {[%emt 0:01:30]} 15. Qd2 {[%emt 0:00:52]} Nf6 {[%emt 0:03:39]} 16. Rxc8 {[%emt 0:02:36]} Qxc8 {[%emt 0:00:48]} 17. Qa5 {[%emt 0:02:09]} a6 {[%emt 0:00:59]} 18. Rc1 {[%emt 0:01:05]} Qf5 {[%emt 0:02:06]} 19. Qc7 {[%emt 0:04:47]} Nxd5 {[%emt 0:05:06]} 20. Qxb7 {[%emt 0:02:15]} h6 {[%emt 0:04:17]} 21. Qxd5 {[%emt 0:00:50]} Qe6 {[%emt 0:00:34]} 22. Qxe6 {[%emt 0:00:25]} fxe6 {[%emt 0:00:22]} 23. Rc7 {[%emt 0:00:24]} Re8 {[%emt 0:01:10]} 24. a3 {[%emt 0:00:27]} Kf8 {[%emt 0:00:50]} 25. Ra7 {[%emt 0:00:25]} Rb8 {[%emt 0:00:27]} 26. b4 {[%emt 0:00:25]} Bf6 {[%emt 0:00:33]} 27. Rxa6 {[%emt 0:00:27]} Rd8 {[%emt 0:00:30]} 28. b5 {[%emt 0:00:25]} Be7 {[%emt 0:00:32]} 29. b6 {[%emt 0:00:26]} Rb8 {[%emt 0:00:24]} 30. Ra7 {[%emt 0:00:25]} Ke8 {[%emt 0:00:43]} 31. b7 {[%emt 0:00:25]} Kd7 {[%emt 0:00:38]} 32. a4 {[%emt 0:00:57]} Kc7 {[%emt 0:00:38]} 33. d4 {[%emt 0:00:33]} e4 {[%emt 0:00:35]} 34. Nd2 {[%emt 0:00:24]} d5 {[%emt 0:00:54]} 35. a5 {[%emt 0:00:33]} Rxb7 {[%emt 0:00:32]} 36. Bf4+ {[%emt 0:00:44]} Kc6 {[%emt 0:00:46]} 37. Rxb7 {[%emt 0:00:28]} Kxb7 {[%emt 0:00:29]} 38. Nb3 {[%emt 0:00:34]} Bb4 {[%emt 0:00:52]} 39. Kf1 {[%emt 0:00:31]} Bc3 {[%emt 0:00:37]} 40. Ke2 {[%emt 0:00:29]} Ka6 {[%emt 0:00:31]} 41. Nc5+ {[%emt 0:00:27]} Kxa5 {[%emt 0:00:35]} 42. Nxe6 {[%emt 0:00:26]} g5 {[%emt 0:00:24]} 43. Bg3 {[%emt 0:00:32]} Kb4 {[%emt 0:00:36]} 44. f3 {[%emt 0:00:34]} Kc4 {[%emt 0:00:45]} 45. Be5 {[%emt 0:00:29]} exf3+ {[%emt 0:00:54]} 46. Kxf3 {[%emt 0:00:24]} Kd3 {[%emt 0:00:31]} 47. Kg4 {[%emt 0:00:32]} Ke2 {[%emt 0:00:44]} 48. h4 {[%emt 0:00:37]} gxh4 {[%emt 0:00:50]} 49. Kxh4 {[%emt 0:00:26]} Kf2 {[%emt 0:00:23]} 50. g3 {[%emt 0:00:25]} Be1 {[%emt 0:00:39]} 51. Nc7 {[%emt 0:00:37]} Kf3 {[%emt 0:00:45]} 52. Nxd5 {[%emt 0:00:26]} Ke4 {[%emt 0:00:23]} 53. Nf6+ {[%emt 0:00:28]} Kf5 {[%emt 0:00:25]} 54. Kh5 {[%emt 0:00:33]} Ke6 {[%emt 0:00:32]} 55. Kxh6 {[%emt 0:00:24]} Bd2+ {[%emt 0:00:37]} 56. Kg6 {[%emt 0:00:29]} Be3 {[%emt 0:00:37]} 57. g4 {[%emt 0:00:29]} Ke7 {[%emt 0:00:26]} 58. d5 {[%emt 0:00:29]} Bc5 {[%emt 0:00:45]} 59. g5 {[%emt 0:00:26]} Bb4 {[%emt 0:00:36]} 60. Ng8+ {[%emt 0:01:09]} Kd7 {[%emt 0:00:37]} 61. Kf7 {[%emt 0:00:24]} Bc5 {[%emt 0:01:41]} 62. g6 {[%emt 0:00:24]} Bb4 {[%emt 0:00:39]} 63. g7 {[%emt 0:00:24]} Bf8 {[%emt 0:00:26]} 64. gxf8=Q {[%emt 0:00:30]} 1/2-1/2

[Event "Balkan Youth Online-ch 2020"]
[Site "Online"]
[Date "2020.10.31"]
[Round "1.57"]
[White "Kontogianni, Vasiliki"]
[Black "Caku, Kler"]
[Result "1/2-1/2"]
[WhiteElo "1144"]
[BlackElo "1199"]
[Annotator "NA RC"]
[PlyCount "77"]
[EventDate "2020.10.31"]
[EventType "swiss"]
[SourceTitle "playchess.com"]
[Source "ChessBase"]
[SourceQuality "1"]
[TimeControl "5400+30"]

1. d4 {[%emt 1:05:20]} d5 {[%emt 1:05:24]} 2. c4 {[%emt 0:00:25]} c6 {[%emt 0:00:24]} 3. Nf3 {[%emt 0:00:24]} Nf6 {[%emt 0:00:24]} 4. Qc2 {[%emt 0:00:24]} e6 {[%emt 0:00:38]} 5. Bf4 {[%emt 0:00:30]} Bd6 {[%emt 0:00:39]} 6. Bxd6 {[%emt 0:00:39]} Qxd6 {[%emt 0:00:23]} 7. e3 {[%emt 0:00:24]} O-O {[%emt 0:00:38]} 8. Bd3 {[%emt 0:00:28]} h6 {[%emt 0:00:36]} 9. O-O {[%emt 0:00:25]} Nbd7 {[%emt 0:00:49]} 10. c5 {[%emt 0:00:46]} Qc7 {[%emt 0:00:30]} 11. Nc3 {[%emt 0:00:27]} e5 {[%emt 0:00:32]} 12. dxe5 {[%emt 0:01:23]} Nxe5 {[%emt 0:00:24]} 13. Nxe5 {[%emt 0:00:26]} Qxe5 {[%emt 0:00:22]} 14. h3 {[%emt 0:00:33]} Qg5 {[%emt 0:01:39]} 15. Kh1 {[%emt 0:00:53]} Qe5 {[%emt 0:01:25]} 16. Ne2 {[%emt 0:00:59]} Bd7 {[%emt 0:01:56]} 17. Nd4 {[%emt 0:00:34]} Rfe8 {[%emt 0:01:09]} 18. Bf5 {[%emt 0:00:54]} Bxf5 {[%emt 0:00:51]} 19. Qxf5 {[%emt 0:00:25]} Qxf5 {[%emt 0:01:12]} 20. Nxf5 {[%emt 0:00:24]} Ne4 {[%emt 0:00:31]} 21. b4 {[%emt 0:00:29]} Re5 {[%emt 0:00:49]} 22. Nd4 {[%emt 0:00:32]} a5 {[%emt 0:01:17]} 23. a3 {[%emt 0:00:34]} Rg5 {[%emt 0:01:52]} 24. g4 {[%emt 0:00:50]} h5 {[%emt 0:01:20]} 25. Nf3 {[%emt 0:02:26]} Rg6 {[%emt 0:00:55]} 26. Nh4 {[%emt 0:00:59]} Rf6 {[%emt 0:00:37]} 27. gxh5 {[%emt 0:00:57]} Nxf2+ {[%emt 0:00:53]} 28. Kg2 {[%emt 0:00:31]} Ne4 {[%emt 0:00:29]} 29. Rxf6 {[%emt 0:00:44]} Nxf6 {[%emt 0:00:22]} 30. Rf1 {[%emt 0:00:41]} Nxh5 {[%emt 0:00:41]} 31. Nf5 {[%emt 0:00:37]} axb4 {[%emt 0:00:44]} 32. axb4 {[%emt 0:00:24]} Ra2+ {[%emt 0:00:32]} 33. Kg1 {[%emt 0:00:40]} Rb2 {[%emt 0:00:29]} 34. Nd6 {[%emt 0:00:54]} Nf6 {[%emt 0:01:23]} 35. Rf4 {[%emt 0:00:52]} Re2 {[%emt 0:01:31]} 36. Rf3 {[%emt 0:00:53]} Rb2 {[%emt 0:01:22]} 37. Rf4 {[%emt 0:00:26]} Re2 {[%emt 0:00:58]} 38. Rf3 {[%emt 0:00:27]} Rb2 {[%emt 0:00:31]} 39. Rf4 {[%emt 0:00:23]} 1/2-1/2

[Event "Balkan Youth Online-ch 2020"]
[Site "Online"]
[Date "2020.10.31"]
[Round "1.63"]
[White "Stankovic, Andrea"]
[Black "Karadas, Hena"]
[Result "1-0"]
[WhiteElo "1534"]
[BlackElo "1191"]
[Annotator "NA RC"]
[PlyCount "65"]
[EventDate "2020.10.31"]
[EventType "swiss"]
[SourceTitle "playchess.com"]
[Source "ChessBase"]
[SourceQuality "1"]
[TimeControl "5400+30"]

1. d4 {[%emt 1:05:20]} Nf6 {[%emt 1:05:26]} 2. c4 {[%emt 0:00:23]} e5 {[%emt 0:00:23]} 3. dxe5 {[%emt 0:00:22]} Ng4 {[%emt 0:00:21]} 4. Nf3 {[%emt 0:00:22]} Bc5 {[%emt 0:00:23]} 5. e3 {[%emt 0:00:33]} Nc6 {[%emt 0:00:24]} 6. Nc3 {[%emt 0:00:43]} Ngxe5 {[%emt 0:00:25]} 7. Nxe5 {[%emt 0:00:29]} Nxe5 {[%emt 0:00:23]} 8. Be2 {[%emt 0:00:28]} O-O {[%emt 0:00:26]} 9. O-O {[%emt 0:00:24]} a5 {[%emt 0:00:29]} 10. Ne4 {[%emt 0:00:34]} Ba7 {[%emt 0:01:02]} 11. b3 {[%emt 0:00:55]} d6 {[%emt 0:00:32]} 12. Bb2 {[%emt 0:00:39]} Bf5 {[%emt 0:00:34]} 13. Ng3 {[%emt 0:00:28]} Bg6 {[%emt 0:00:25]} 14. Qd2 {[%emt 0:01:15]} Qe7 {[%emt 0:01:53]} 15. Qc3 {[%emt 0:00:41]} f6 {[%emt 0:00:53]} 16. Rad1 {[%emt 0:01:14]} Bb6 {[%emt 0:02:33]} 17. Rd2 {[%emt 0:01:18]} a4 {[%emt 0:01:02]} 18. Rfd1 {[%emt 0:01:23]} Nc6 {[%emt 0:01:02]} 19. b4 {[%emt 0:01:28]} Qf7 {[%emt 0:04:12]} 20. c5 {[%emt 0:02:02]} Nxb4 {[%emt 0:04:09]} 21. cxb6 {[%emt 0:05:46]} Nxa2 {[%emt 0:03:09]} 22. Qxc7 {[%emt 0:03:10]} Qxc7 {[%emt 0:01:31]} 23. bxc7 {[%emt 0:00:25]} Bf7 {[%emt 0:00:29]} 24. Ba3 {[%emt 0:00:43]} Nc3 {[%emt 0:01:13]} 25. Rc1 {[%emt 0:00:35]} Nxe2+ {[%emt 0:00:44]} 26. Nxe2 {[%emt 0:00:55]} Rfe8 {[%emt 0:01:27]} 27. Rxd6 {[%emt 0:00:51]} Be6 {[%emt 0:01:44]} 28. Nd4 {[%emt 0:00:33]} Bb3 {[%emt 0:00:43]} 29. Rb6 {[%emt 0:00:44]} Bd5 {[%emt 0:00:39]} 30. Nb5 {[%emt 0:00:36]} h6 {[%emt 0:00:56]} 31. Nd6 {[%emt 0:00:24]} Re6 {[%emt 0:00:26]} 32. c8=Q+ {[%emt 0:00:28]} Rxc8 {[%emt 0:00:31]} 33. Nxc8 {[%emt 0:00:51]} 1-0

[Event "Balkan Youth Online-ch 2020"]
[Site "Online"]
[Date "2020.10.31"]
[Round "1.64"]
[White "Baklova, Mila"]
[Black "Tirpan, Ceren"]
[Result "0-1"]
[WhiteElo "1226"]
[BlackElo "1379"]
[Annotator "NA RC"]
[PlyCount "66"]
[EventDate "2020.10.31"]
[EventType "swiss"]
[SourceTitle "playchess.com"]
[Source "ChessBase"]
[SourceQuality "1"]
[TimeControl "5400+30"]

1. e4 {[%emt 1:05:20]} e5 {[%emt 1:05:23]} 2. Nf3 {[%emt 0:00:24]} Nc6 {[%emt 0:00:23]} 3. Bc4 {[%emt 0:00:23]} Bc5 {[%emt 0:00:23]} 4. b4 {[%emt 0:00:25]} Bxb4 {[%emt 0:00:24]} 5. c3 {[%emt 0:00:21]} Be7 {[%emt 0:00:30]} 6. d4 {[%emt 0:00:42]} exd4 {[%emt 0:00:22]} 7. cxd4 {[%emt 0:00:48]} d6 {[%emt 0:00:24]} 8. Qb3 {[%emt 0:01:15]} Na5 {[%emt 0:00:25]} 9. Bxf7+ {[%emt 0:00:40]} Kf8 {[%emt 0:00:25]} 10. Qd5 {[%emt 0:00:34]} c6 {[%emt 0:00:46]} 11. Qh5 {[%emt 0:01:10]} Nf6 {[%emt 0:00:46]} 12. Qh4 {[%emt 0:00:45]} Kxf7 {[%emt 0:00:27]} 13. Ng5+ {[%emt 0:00:31]} Ke8 {[%emt 0:01:18]} 14. O-O {[%emt 0:02:32]} h5 {[%emt 0:02:03]} 15. Nc3 {[%emt 0:01:52]} g6 {[%emt 0:01:00]} 16. f3 {[%emt 0:01:24]} Nh7 {[%emt 0:00:51]} 17. f4 {[%emt 0:01:18]} Rf8 {[%emt 0:00:38]} 18. Qg3 {[%emt 0:00:31]} Nxg5 {[%emt 0:00:30]} 19. fxg5 {[%emt 0:00:46]} Rxf1+ {[%emt 0:00:27]} 20. Kxf1 {[%emt 0:00:21]} Be6 {[%emt 0:00:24]} 21. Ba3 {[%emt 0:02:01]} Nc4 {[%emt 0:00:26]} 22. Bb4 {[%emt 0:00:43]} a5 {[%emt 0:00:26]} 23. Bxd6 {[%emt 0:01:01]} Qxd6 {[%emt 0:00:24]} 24. Qd3 {[%emt 0:00:43]} Qf4+ {[%emt 0:00:28]} 25. Kg1 {[%emt 0:00:24]} Bxg5 {[%emt 0:00:25]} 26. Qc2 {[%emt 0:01:01]} Qe3+ {[%emt 0:00:25]} 27. Kh1 {[%emt 0:00:25]} Rd8 {[%emt 0:00:41]} 28. d5 {[%emt 0:00:59]} Bg4 {[%emt 0:00:51]} 29. Rf1 {[%emt 0:01:49]} Nd2 {[%emt 0:00:44]} 30. Rg1 {[%emt 0:01:28]} Bf6 {[%emt 0:01:33]} 31. Nd1 {[%emt 0:01:18]} Bxd1 {[%emt 0:00:33]} 32. Qxd1 {[%emt 0:00:26]} Nxe4 {[%emt 0:00:34]} 33. Qb1 {[%emt 0:01:30]} Nf2# {[%emt 0:00:54]} 0-1

[Event "Balkan Youth Online-ch 2020"]
[Site "Online"]
[Date "2020.10.31"]
[Round "1.65"]
[White "Rasheva, Nora"]
[Black "Christodoulou, Georgia"]
[Result "0-1"]
[WhiteElo "1588"]
[BlackElo "1373"]
[Annotator "NA RC"]
[PlyCount "136"]
[EventDate "2020.10.31"]
[EventType "swiss"]
[SourceTitle "playchess.com"]
[Source "ChessBase"]
[SourceQuality "1"]
[TimeControl "5400+30"]

1. d4 {[%emt 1:05:20]} d5 {[%emt 1:05:34]} 2. Nf3 {[%emt 0:00:23]} Nf6 {[%emt 0:00:23]} 3. c4 {[%emt 0:00:23]} e6 {[%emt 0:00:30]} 4. Nc3 {[%emt 0:00:23]} Be7 {[%emt 0:00:32]} 5. Bg5 {[%emt 0:00:28]} O-O {[%emt 0:00:32]} 6. e3 {[%emt 0:00:25]} h6 {[%emt 0:00:26]} 7. Bh4 {[%emt 0:00:27]} c5 {[%emt 0:00:37]} 8. cxd5 {[%emt 0:01:26]} exd5 {[%emt 0:00:30]} 9. dxc5 {[%emt 0:01:13]} g5 {[%emt 0:01:41]} 10. Bg3 {[%emt 0:01:00]} Bxc5 {[%emt 0:01:45]} 11. Be5 {[%emt 0:01:08]} Be6 {[%emt 0:01:21]} 12. Bd4 {[%emt 0:02:15]} Bxd4 {[%emt 0:00:45]} 13. Nxd4 {[%emt 0:00:26]} Nc6 {[%emt 0:00:28]} 14. Be2 {[%emt 0:01:08]} Qb6 {[%emt 0:01:17]} 15. Qd2 {[%emt 0:03:40]} Nxd4 {[%emt 0:01:22]} 16. exd4 {[%emt 0:00:49]} Ne4 {[%emt 0:01:59]} 17. Nxe4 {[%emt 0:00:54]} dxe4 {[%emt 0:00:26]} 18. O-O {[%emt 0:01:04]} Rfd8 {[%emt 0:01:16]} 19. Rfd1 {[%emt 0:00:37]} Rd6 {[%emt 0:00:48]} 20. Qe3 {[%emt 0:01:37]} Bf5 {[%emt 0:01:50]} 21. Rd2 {[%emt 0:00:37]} Rad8 {[%emt 0:00:54]} 22. Rad1 {[%emt 0:00:34]} Bg6 {[%emt 0:01:07]} 23. g4 {[%emt 0:00:49]} f6 {[%emt 0:01:52]} 24. Bc4+ {[%emt 0:00:44]} Kg7 {[%emt 0:00:32]} 25. Bb3 {[%emt 0:00:39]} h5 {[%emt 0:00:42]} 26. h3 {[%emt 0:00:32]} hxg4 {[%emt 0:01:41]} 27. hxg4 {[%emt 0:00:23]} Qc7 {[%emt 0:01:04]} 28. Bc2 {[%emt 0:00:46]} Qd7 {[%emt 0:00:54]} 29. Qe2 {[%emt 0:01:42]} f5 {[%emt 0:01:21]} 30. gxf5 {[%emt 0:04:15]} Qxf5 {[%emt 0:00:39]} 31. Qe3 {[%emt 0:01:29]} Qg4+ {[%emt 0:01:01]} 32. Qg3 {[%emt 0:01:46]} Qxg3+ {[%emt 0:00:40]} 33. fxg3 {[%emt 0:00:23]} e3 {[%emt 0:00:27]} 34. Rh2 {[%emt 0:01:30]} Rxd4 {[%emt 0:00:45]} 35. Re1 {[%emt 0:00:48]} Bxc2 {[%emt 0:01:56]} 36. Rxc2 {[%emt 0:00:28]} Rd1 {[%emt 0:03:25]} 37. Kf1 {[%emt 0:01:35]} Rxe1+ {[%emt 0:02:00]} 38. Kxe1 {[%emt 0:00:23]} Rd7 {[%emt 0:00:23]} 39. Ke2 {[%emt 0:00:22]} Re7 {[%emt 0:02:33]} 40. Kf3 {[%emt 0:02:07]} Kf6 {[%emt 0:00:37]} 41. Re2 {[%emt 0:00:59]} Kf5 {[%emt 0:00:45]} 42. g4+ {[%emt 0:00:26]} Kf6 {[%emt 0:00:37]} 43. b3 {[%emt 0:00:40]} Re5 {[%emt 0:00:35]} 44. Rc2 {[%emt 0:00:53]} e2 {[%emt 0:00:26]} 45. Rxe2 {[%emt 0:00:23]} Rxe2 {[%emt 0:00:22]} 46. Kxe2 {[%emt 0:00:21]} Ke5 {[%emt 0:00:22]} 47. Ke3 {[%emt 0:00:22]} b6 {[%emt 0:00:27]} 48. a3 {[%emt 0:01:41]} a6 {[%emt 0:00:27]} 49. b4 {[%emt 0:01:01]} b5 {[%emt 0:00:25]} 50. Kd3 {[%emt 0:00:25]} Kf4 {[%emt 0:00:24]} 51. Kd4 {[%emt 0:00:22]} Kxg4 {[%emt 0:00:23]} 52. Kc5 {[%emt 0:00:21]} Kh3 {[%emt 0:00:23]} 53. Kb6 {[%emt 0:00:22]} g4 {[%emt 0:00:21]} 54. Kxa6 {[%emt 0:00:21]} g3 {[%emt 0:00:21]} 55. Kxb5 {[%emt 0:00:21]} g2 {[%emt 0:00:21]} 56. a4 {[%emt 0:00:25]} g1=Q {[%emt 0:00:23]} 57. a5 {[%emt 0:00:25]} Qa7 {[%emt 0:00:25]} 58. a6 {[%emt 0:00:23]} Kg4 {[%emt 0:00:24]} 59. Ka5 {[%emt 0:00:24]} Qc7+ {[%emt 0:00:30]} 60. Ka4 {[%emt 0:00:24]} Qb6 {[%emt 0:00:25]} 61. b5 {[%emt 0:00:22]} Kf5 {[%emt 0:00:22]} 62. Kb4 {[%emt 0:00:22]} Ke5 {[%emt 0:00:21]} 63. Ka4 {[%emt 0:00:29]} Kd5 {[%emt 0:00:21]} 64. Kb4 {[%emt 0:00:21]} Kd4 {[%emt 0:00:23]} 65. a7 {[%emt 0:00:39]} Qxa7 {[%emt 0:00:25]} 66. b6 {[%emt 0:00:25]} Qxb6+ {[%emt 0:00:22]} 67. Ka4 {[%emt 0:00:21]} Kc3 {[%emt 0:00:23]} 68. Ka3 {[%emt 0:00:23]} Qb3# {[%emt 0:00:22]} 0-1

[Event "Balkan Youth Online-ch 2020"]
[Site "Online"]
[Date "2020.10.31"]
[Round "1.67"]
[White "Criveanu, Maria"]
[Black "Davitkova, Jovana"]
[Result "1-0"]
[WhiteElo "1054"]
[BlackElo "1227"]
[Annotator "NA RC"]
[PlyCount "45"]
[EventDate "2020.10.31"]
[EventType "swiss"]
[SourceTitle "playchess.com"]
[Source "ChessBase"]
[SourceQuality "1"]
[TimeControl "5400+30"]

1. e4 {[%emt 1:05:20]} c5 {[%emt 1:05:25]} 2. Nf3 {[%emt 0:00:23]} d6 {[%emt 0:00:25]} 3. c3 {[%emt 0:00:24]} Nc6 {[%emt 0:00:27]} 4. d4 {[%emt 0:00:36]} cxd4 {[%emt 0:00:26]} 5. cxd4 {[%emt 0:00:23]} e6 {[%emt 0:00:26]} 6. Nc3 {[%emt 0:00:34]} Nf6 {[%emt 0:00:36]} 7. Bb5 {[%emt 0:00:48]} Bd7 {[%emt 0:00:26]} 8. O-O {[%emt 0:01:02]} Be7 {[%emt 0:00:44]} 9. d5 {[%emt 0:01:07]} exd5 {[%emt 0:00:30]} 10. exd5 {[%emt 0:00:25]} Ne5 {[%emt 0:00:30]} 11. Nxe5 {[%emt 0:01:05]} dxe5 {[%emt 0:00:42]} 12. d6 {[%emt 0:00:49]} Bf8 {[%emt 0:00:41]} 13. Re1 {[%emt 0:01:07]} Bxb5 {[%emt 0:02:24]} 14. Rxe5+ {[%emt 0:01:12]} Kd7 {[%emt 0:00:46]} 15. Nxb5 {[%emt 0:00:36]} a6 {[%emt 0:01:01]} 16. Qf3 {[%emt 0:02:04]} Rb8 {[%emt 0:01:05]} 17. Qf5+ {[%emt 0:03:41]} Kc6 {[%emt 0:00:52]} 18. Be3 {[%emt 0:01:47]} Bxd6 {[%emt 0:01:36]} 19. Rc1+ {[%emt 0:00:34]} Bc5 {[%emt 0:00:36]} 20. Rexc5+ {[%emt 0:00:48]} Kb6 {[%emt 0:00:39]} 21. R5c4+ {[%emt 0:00:48]} Ka5 {[%emt 0:00:29]} 22. Nc3+ {[%emt 0:00:43]} b5 {[%emt 0:00:32]} 23. Ra4# {[%emt 0:00:25]} 1-0